Movies Quiz

Random Movies or Actor Quiz

Tarantino Acting Appearances Quiz Stats

Quiz not verified by Sporcle

Challenge
Share
Tweet
Embed
Score 0/17 Timer 06:00
0 Plays Today
Year Movie % Correct
1994Pulp Fiction
95.9%
1992Reservoir Dogs
87%
1996From Dusk Till Dawn
69.4%
2007Death Proof
58.5%
2007Planet Terror
53.4%
1995Four Rooms
50.3%
1995Desperado
33.7%
1987My Best Friend's Birthday
21.8%
2000Little Nicky
21.2%
Year Movie % Correct
1995Destiny Turns on the Radio
11.9%
1996Girl 6
6.7%
2007Sukiyaki Western Django
6.2%
1994Sleep With Me
4.1%
1992Eddie Presley
2.1%
1994The Coriolis Effect
1%
1994Somebody to Love
1%
1995Dance Me to the End of Love
1%

You're not logged in!

Compare scores with friends on all Sporcle quizzes.
Sign Up with Email
OR
Log In

You Might Also Like...

Show Comments

Extras

Top Quizzes Today


Score Distribution

Your Account Isn't Verified!

In order to create a playlist on Sporcle, you need to verify the email address you used during registration. Go to your Sporcle Settings to finish the process.